|
|
|
|
| LEADER |
00606nam a22001577a 4500 |
| 008 |
170425b xxu||||| |||| 00| 0 mal d |
| 999 |
|
|
|c 235783
|d 235783
|
| 020 |
|
|
|a 9780000301512
|
| 082 |
|
|
|a 294.5 VIS/V
|
| 100 |
|
|
|a Visakham Thirunal,Acharyasree
|
| 245 |
|
|
|a വ്യാസദർശനം /
|c Visakham Thirunal,Acharyasree
|
| 260 |
|
|
|a Cherthala:
|b Bharath Institute of Scientific Heritage,
|c 2015.
|
| 300 |
|
|
|b 174p.
|
| 942 |
|
|
|c BK
|
| 246 |
|
|
|a Vyasadarsanam/
|
| 952 |
|
|
|0 0
|1 0
|4 0
|6 294_500000000000000_VIS_V
|7 0
|9 261745
|a MAL
|b MAL
|c ST1
|d 2017-04-25
|g 130.00
|l 1
|o 294.5 VIS/V
|p MAL39454
|r 2018-07-19
|s 2017-12-06
|w 2017-04-25
|y BK
|